| 000 | 01827cam a2200505Ia 4500 | ||
|---|---|---|---|
| 001 | sjds1108994 | ||
| 003 | sjds | ||
| 005 | 20240403094023.0 | ||
| 008 | 111016t20122012nyua a 000 1 eng d | ||
| 010 | _a 2011933086 | ||
| 020 | _a9780694014293 | ||
| 020 | _a069401429X | ||
| 035 | _a491354 | ||
| 035 | _a(OCoLC)757483461 | ||
| 035 | _a491354 | ||
| 040 |
_aBTCTA _beng _cBTCTA _dBDX _dOCO _dIFA _dUtOrBLW |
||
| 049 | _aIFAA | ||
| 099 | _f2012 | ||
| 100 | 1 |
_aNumeroff, Laura Joffe, _eauthor. |
|
| 245 | 1 | 0 |
_aIt's Pumpkin Day, Mouse! / _cLaura Numeroff, Felicia Bond. |
| 246 | 3 | _aIt is Pumpkin Day, Mouse | |
| 260 |
_aNew York : _bBalzer + Bray, _cc2021 |
||
| 264 | 1 |
_aNew York : _bBalzer + Bray, _c[2012] |
|
| 264 | 4 | _cc2012 | |
| 300 |
_a1 volume (unpaged) : _bcolor illustrations ; _c17 cm. |
||
| 336 |
_atext _btxt _2rdacontent |
||
| 337 |
_aunmediated _bn _2rdamedia |
||
| 338 |
_avolume _bnc _2rdacarrier |
||
| 490 | 1 | _aAn if you give--book | |
| 500 | _aOn board pages. | ||
| 520 | _aMouse paints each pumpkin with a different face. | ||
| 521 | 8 |
_aAD 380 _bLexile |
|
| 526 | 0 |
_aAccelerated Reader _bLG _c1.0 _d0.5 _z155220 |
|
| 650 | 0 |
_aPumpkin _vJuvenile fiction. |
|
| 650 | 0 |
_aMice _vJuvenile fiction. |
|
| 650 | 0 |
_aJack-o-lanterns _vJuvenile fiction. |
|
| 700 | 1 | _aBond, Felicia. | |
| 830 | 0 | _aIf you give--book. | |
| 942 | _cBK | ||
| 999 |
_c29409 _d29407 |
||
| 999 | _bBOARD BOOKS NUMEROFF 2012 | ||